000 01099pab a2200181 454500
008 180718b2013 xxu||||| |||| 00| 0 eng d
100 _aBaru, Sanjaya
245 _aIndia and the World - A geoeconomics perspective
260 _c2013
300 _ap.37-41.
362 _a9 Feb
520 _aStrategic autonomy in an interdependent world is secured through creating mutually beneficial relationships of interdependence, not from the mere assertion of one's independence or non-alignment. It is the fruit of economic growth and development pursued in a globalised world wherein a nation is able to utilise the benefits of interdependence while managing the costs this imposes. Hence, the concepts of "autonomy" and "self-reliance" have to be defined in the context of the economic interdependence of nations, and India's need and ability to draw on the economic opportunities the world presents to us. - Reproduced.
650 _aEconomic and social development - India
650 _aEconomic and social development
773 _aEconomic and Political Weekly
908 _aN
909 _a98502
999 _c98501
_d98501